| 000 | 00431 a2200133 4500 | ||
|---|---|---|---|
| 001 | 91339 | ||
| 082 | _aPR 1229 | ||
| 090 |
_c43456 _d43455 |
||
| 100 | _aMuhammad Shakeel; Prof Basharat Ullah Malik (Advisor) | ||
| 245 |
_aTo study the linear elastic fracture mechanics and determination of fracture toughness parameters K1c _n45 "A" EC |
||
| 260 |
_aKarachi _bNED University _c1996 |
||
| 300 | _a79p | ||
| 500 | _aBE Project Reports | ||
| 942 |
_aCAE NUST _kPR 1229 |
||
| 999 |
_c326412 _d326412 |
||